Mycotoxicoses in animals economically important / (Record no. 16061)

000 -LEADER
fixed length control field 00690cam a2200241 a 4500
020 ## - INTERNATIONAL STANDARD BOOK NUMBER
ISBN 9781616681951 (hardcover)
040 ## - CATALOGING SOURCE
Transcribing agency DLC
082 00 - DEWEY DECIMAL CLASSIFICATION NUMBER
Classification number 636 NOV 2010 A083 Or.
245 00 - TITLE STATEMENT
Title Mycotoxicoses in animals economically important /
260 ## - PUBLICATION, DISTRIBUTION, ETC. (IMPRINT)
Place of publication Hauppauge, N.Y. :
Name of publisher Nova Science Publishers,
Year of publication 2010.
300 ## - PHYSICAL DESCRIPTION
Number of Pages ii, 194 p. :
Other physical details ill. ;
Dimensions 26 cm.
650 #0 - SUBJECT ADDED ENTRY--TOPICAL TERM
Topical Term Mycotoxicoses in animals.
650 #0 - SUBJECT ADDED ENTRY--TOPICAL TERM
Topical Term Livestock
650 #0 - SUBJECT ADDED ENTRY--TOPICAL TERM
Topical Term Veterinary mycology.
650 #0 - SUBJECT ADDED ENTRY--TOPICAL TERM
Topical Term Mycotoxins.
650 12 - SUBJECT ADDED ENTRY--TOPICAL TERM
Topical Term Animals, Domestic.
650 12 - SUBJECT ADDED ENTRY--TOPICAL TERM
Topical Term Mycotoxins
650 22 - SUBJECT ADDED ENTRY--TOPICAL TERM
Topical Term Veterinary Medicine.
700 1# - ADDED ENTRY--PERSONAL NAME
Personal name Gonçalez, Edlayne.
700 1# - ADDED ENTRY--PERSONAL NAME
Personal name Felicio, Joana D'Arc.
700 1# - ADDED ENTRY--PERSONAL NAME
Personal name Aquino, Simone.
942 ## - ADDED ENTRY ELEMENTS (KOHA)
Koha item type សៀវភៅភាសាអង់គ្លេស
952 ## - LOCATION AND ITEM INFORMATION (KOHA)
Withdrawn status [LOCAL, KOHA] 0
Holdings
Permanent Location Date acquired Koha item type Lost status Shelving location Barcode Current Location Full call number
Library Block A2017-12-30សៀវភៅភាសាអង់គ្លេស A083A14847Library Block A636 NOV 2010 A083 Or.
មជ្ឈមណ្ឌលឯការនៃសាកលវិទ្យាល័យភូមិន្ទកសិកម្មចំការដូង

Powered by Koha